Biblioteca

Diccionario del griego bíblico (Registro nro. 64745)

Detalles MARC
000 -LÍDER
Campo fijo de descripción fija 01829nam a2200385 i 4500
001 - NÚMERO DE CONTROL
Campo de control 768714001
003 - IDENTIFICADOR DEL NÚMERO DE CONTROL
Campo de control CO-MdFUSB
005 - FECHA Y HORA DE LA ULTIMA TRANSACCIÓN
control field 20210911121411.0
008 - ELEMENTOS DE LONGITUD FIJA -- INFORMACIÓN GENERAL
Campo fijo de descripción fija -- Información general 120316t2011 sp a | |||| 000 0 spa
017 ## - COPYRIGHT OR LEGAL DEPOSIT NUMBER
Copyright or legal deposit number NA 2315-2011
Assigning agency Oficina Depósito Legal Navarra
020 ## - NÚMERO INTERNACIONAL NORMALIZADO PARA LIBROS
Número Internacional Normalizado del libro 9788499451718
040 ## - FUENTE DE CATALOGACIÓN
Agencia de catalogación original SpMaBN
Idioma de catalogación spa
Agencia que realiza la transcripción CO-MdFUSB
Convenciones de la descripción rdc
Agencia que realiza la modificación CO-MdFUSBC
041 0# - CÓDIGO DE IDIOMA
Código de idioma para texto/pista de sonido o título separado spa
-- grc
080 ## - UNIVERSAL DECIMAL CLASSIFICATION NUMBER
Universal Decimal Classification number (038)=134.2=14'02
082 ## - NÚMERO DE CLASIFICACIÓN DECIMAL DEWEY
Número de la edición del Dewey 23
Número de clasificación 487.403
Clave de autor-Numero de item D352d
100 1# - ASIENTO PRINCIPAL--NOMBRE PERSONAL
Nombre personal García Santos, Amador-Ángel
Fechas asociadas con el nombre 1945-
245 10 - TÍTULO
Título del Material Diccionario del griego bíblico
Parte restante del título - Subtitulo : setenta y nuevo testamento
Mención de responsabilidad, etc. / Amador Ángel García Santos
264 #1 - PRODUCCIÓN, PUBLICACIÓN, DISTRIBUCIÓN, MANUFACTURA, Y COPYRIGHT
Lugar de producción, publicación, distribución, manufactura Estella, Navarra
Nombre del productor, publicador, distribuidor Verbo Divino,
Fecha de producción, publicación, distribución, manufactura, o copyright [2011]
264 #4 - PRODUCCIÓN, PUBLICACIÓN, DISTRIBUCIÓN, MANUFACTURA, Y COPYRIGHT
Fecha de producción, publicación, distribución, manufactura, o copyright © 2011
300 ## - DESCRIPCIÓN FÍSICA
Extensión 936 páginas.
Dimensiones 24 cm.
336 ## - TIPO DE CONTENIDO
Fuente tdacontent
Término de tipo de contenido texto
Código de tipo de contenido txt
337 ## - TIPO DE MEDIO
Fuente rdamedia
Nombre del tipo de medio sin mediación
Código del tipo de medio n
338 ## - TIPO DE SOPORTE
Fuente rdacarrier
Nombre del tipo de soporte volumen
Código Tipo de soporte nc
490 0# - MENCIÓN DE SERIE
Mención de serie Instrumentos para el estudio de la Biblia
520 ## - NOTA DE RESUMEN, ETC.
Nota de sumario, etc. La Biblia hebrea fue traducida al griego en el siglo III a.C. en lo que se conoce como la Septuaginta o la traducción de los Setenta. La Biblia Septuaginta fue el texto utilizado por las comunidades judías de todo el mundo antiguo, y luego por la iglesia cristiana primitiva, de habla y cultura griega. A este Antiguo Testamento se le añaden los textos, también en griego, del Nuevo Testamento, formando ambos una unidad, la Biblia griega. Este diccionario contiene todas las palabras que aparecen en esta Biblia griega tal como aparecen en la edición de A. Rahlfs (para el Antiguo Testamento) y de K. Aland (para el Nuevo Testamento) en total unas 17.800 entradas.
563 ## - NOTA DE ENCUADERNACIÓN
Nota de encuadernación Pasta dura.
653 ## - TÉRMINO DE INDIZACIÓN - NO CONTROLADO
Término no controlado Diccionario
653 ## - TÉRMINO DE INDIZACIÓN - NO CONTROLADO
Término no controlado Griego bíblico
942 ## - TIPO DE MATERIAL (KOHA)
Tipo de Item KOHA Libros de Referencia
945 ## - INFORMACIÓN LOCAL DEL REGISTRO
Catalogador Estudiante
956 ## - LOCAL ELECTRONIC LOCATION AND ACCESS (OCLC)
Host name 1
Existencias
Estado de Material Estado de Perdido Forma de Clasificación Estado de Dañado No para Préstamo Colección Biblioteca de Origen Biblioteca Permanente Fecha de Adquisición Forma de Adquisición Área Total de Préstamos Signatura Topográfica Código de Barras Última vez visto Última vez Préstado Ejemplar/Existencia Fecha de Remplazo Tipo de Material
    Dewey Decimal Classification     Colección de Referencia Biblioteca FUSBC Biblioteca FUSBC 21/01/2019 Compra BIBLIA 3 R 487.403 G216d 10059 05/02/2026 29/09/2023 Ej. 1 21/01/2019 Libros de Referencia

Biblioteca FUSBC | Teléfono: (57+4) 349 88 10 Ext. 141| WhatsApp (+57) 3005338115 
E-mail: biblioteca@unisbc.edu.co | Calle 76 87-14 Robledo Palenque, Medellín, Colombia

Con tecnología Koha